| 000 | 00699cam a22002291 4500 | ||
|---|---|---|---|
| 001 | l 49000055 | ||
| 003 | DLC | ||
| 005 | 20260227111541.0 | ||
| 008 | 931015s1949 dcu b f000 0 eng c | ||
| 010 | _al 49000055 | ||
| 035 | _a(OCoLC)29021008 | ||
| 040 |
_aU.S. Dept. of Labor _cOrU _dDLC |
||
| 042 | _apremarc | ||
| 050 | 0 | 0 |
_aHD6093 _b.A35 no. 231 |
| 082 | _a331.4813522 | ||
| 100 | 1 | _aDougherty, Mildred. | |
| 245 | 1 | 4 | _aThe outlook for women in police work. |
| 260 |
_aWashington, _bU.S. Govt. Print. Off., _c1949. |
||
| 300 |
_av, 31 p. _c24 cm. |
||
| 440 | 0 |
_aBulletin (United States. Women's Bureau) _vno. 231 |
|
| 504 | _a"Sources to which reference is made in the text": p. 30-31. | ||
| 999 |
_c36650 _d36650 |
||